| 000 | 00720nam a2200217 a 4500 | ||
|---|---|---|---|
| 001 | 000023157 | ||
| 005 | 20200930022027.0 | ||
| 008 | 101129s1980 mx r 000 | spa d | ||
| 020 | _a9682309131 | ||
| 040 |
_aDO-SdBNP _bspa _cBNPHU |
||
| 082 |
_axxx _bR643c |
||
| 100 | 1 |
_aRoberts, Bryan _947675 |
|
| 245 | 1 | 0 |
_aCiudades de campesinos : _bla economía política de la urbanización en el tercer mundo / _cBryan Roberts ; traducción de Martí Mur. |
| 260 |
_aMexico : _bSiglo Veintiuno, _c1980. |
||
| 300 |
_a303 p. ; _c21 cm. |
||
| 500 | _aIncluye bibliografía | ||
| 500 | _aIncluye índice alfabético | ||
| 534 |
_aTítulo original : _tCities of peasants. |
||
| 700 | 1 |
_aMur, Martí _etr. _947676 |
|
| 049 | _aBNGR | ||
| 999 |
_c22654 _d22654 |
||